000 00393nam a2200145Ia 4500
008 220204s9999 xx 000 0 und d
082 _a631.452
_bCOO
100 _aCOOKE, G W
245 0 _aControl of soil fertility.
260 _aLondon
_bCrosy Lockwood
_c1967
490 _aAgricultural and horticultural series
650 _aPlant nutrient cycle
650 _aSoil fertility
942 _cBK
999 _c23736
_d23736